[Event "VIE-ch U07"]
[Site "Ho Chi Minh City"]
[Date "2014.07.15"]
[Round "5"]
[White "Do, Minh Hai"]
[Black "Lam, Ky Son"]
[Result "1-0"]
[WhiteElo "1408"]
[BlackElo "1373"]
[PlyCount "92"]
[EventDate "2014.07.13"]
[EventType "swiss"]
[EventRounds "9"]
[EventCountry "VIE"]
[SourceTitle "EXT 2016"]
[Source "ChessBase"]
[SourceDate "2015.10.08"]
[SourceVersion "1"]
[SourceVersionDate "2015.10.08"]
[SourceQuality "1"]

1. e4 e5 2. Nf3 Nc6 3. Bc4 Bc5 4. c3 Nf6 5. d4 Bd6 6. Bg5 0-0 7. b4 Ne7 8. Bxf6 gxf6 9. d5 Kh8 10. 0-0 Rg8 11. b5 b6 12. Nbd2 Bb7 13. Nb3 c5 14. bxc6 dxc6 15. dxc6 Bxc6 16. Bxf7 Rg7 17. Bd5 Rc8 18. c4 Bd7 19. Rc1 Nxd5 20. cxd5 Rxc1 21. Qxc1 Bh3 22. Nh4 Qg8 23. g3 Bxf1 24. Qxf1 Be7 25. Nf5 Rf7 26. Nh6 Qg7 27. Nxf7+ Qxf7 28. f4 Bd6 29. fxe5 Bxe5 30. g4 Qg6 31. h3 Qxe4 32. Qd1 Bd6 33. Qa1 Qe3+ 34. Kh1 Qxh3+ 35. Kg1 Qh2+ 36. Kf1 Qh1+ 37. Ke2 Qe4+ 38. Kd2 Bb4+ 39. Kc1 Qe3+ 40. Kb1 Qd3+ 41. Kc1 Kg7 42. Qb2 a5 43. g5 Qe3+ 44. Kb1 a4 45. Qxf6+ Kg8 46. Qd8+ Bf8 1-0